000 00249nam a22000977a 4500
050 _aQD241
_b.G55 C.1
100 _aGillam A.E.
245 _aAn introduction to Electronic Absorption Spectroscopy in Organic Chemistry
300 _aix,326p.
942 _cGEN
999 _c2244
_d2244